1732 1298 1992 1563 1976 1683 1722 1229 1819 1689 1027 1987 1594 1221 1251 1207 1768 1012 1284 1625 1742 1385 1453 1203 1763 1459 1041 1174 1804 1250 1522 1037 1964 1048 1627 1507 1982 1832 1505 1706 1928 1058 1610 1605 1629 1469 1313 1440 1557 1524 1161 1552 1923 1577 1419 1696 1447 1315 1989 1472 1776 1769 1447 1366 1696 1188 1921 1000 1124 1271 1860 1890 1722 1365 1125 1328 1778 1991 1305 1229 1247 1860 1157 1010 1436 1826 1248 1604 1921 1681 1806 1948 1106 1808 1295 1413 1454 1710 1132 BCNSPRNW ULIB Ver.6.0+V

เปลี่ยนเป็นภาษาไทย

Change to English
 แสดงรายละเอียดบรรณานุกรม
  กลับหน้าหลัก

Brief Record : Get Marc (ISO 2709) : E-mail record : QR code < ปิดหน้าต่าง
LEADER : 00000nam 2200000uu 4500
001    13399114118
003     ULIB
008    120216s2550||||th 000 0 tha d
020    ^a9746452916(ล.1)
060  4 ^aWA400^bม246อ ล.1 2550
110 1  ^aมหาวิทยาลัยสุโขทัยธรรมาธิราช^bสาขาวิชาวิทยาศาสตร์สุขภาพ
245 00 ^aเอกสารการสอนชุดวิชา อาชีวอนามัยและความปลอดภัย หน่วยที่1-7=^bOccupational health and safety /^cสาขาวิชาวิทยาศาสตร์สุขภาพ มหาวิทยาลัยสุโขทัยธรรมาธิราช
246 0  ^aOccupational health and safety
250    ^aพิมพ์ครั้งที่ 5
260    ^aนนทบุรี:^bศูนย์หนังสือมหาวิทยาลัยสุโขทัยธรรมาธิราช,^c2550
300    ^a518 หน้า
650  7 ^aอาชีวอนามัย
650  7 ^aความปลอดภัยในงานอุตสาหกรรม
945    ^p0^l0^i14689
945    ^p0^l0^i14688
945    ^p0^l0^i14690
995    ^aกัณชพร
999    ^aใช้งานได้ทุกระบบ
รายการนี้ยังไม่มีแท็ก
คุณยังไม่ได้ล็อกอิน คุณสามารถมีกิจกรรมร่วมกับเว็บไซต์ได้ แต่ต้องล็อกอินก่อน ::
  ล็อกอิน

รายการสื่อสารสนเทศ

ลำดับที่ ประเภท เลขเรียก/บาร์โค้ด สถานที่ สถานะ
- ไม่พบข้อมูล -

รายการใกล้เคียง
    หัวเรื่อง [อาชีวอนามัย]
    หัวเรื่อง [ความปลอดภัยในงานอุตสาหกรรม]

BibComment


ยังไม่เคยถูกคอมเมนท์

คอมเมนท์ทรัพยากรรายการนี้
  คอมเมนท์: เอกสารการสอนชุดว..


 Copyright 2026. Bcnsprnw @Library